| 000 | 00541nam a22001937a 4500 | ||
|---|---|---|---|
| 008 | 160920b xxu||||| |||| 00| 0 eng d | ||
| 020 | _a0914294083 | ||
| 040 |
_aKABU _cKABU |
||
| 050 |
_aQM23 _b.G73 1974 C.1 |
||
| 100 | _aGray,Henry | ||
| 245 | _aAnatomy, descriptive and surgical | ||
| 260 |
_aPhiladelphia _bCourage books _c1974 |
||
| 300 | _a1257 p. | ||
| 650 | _2Human anatomy | ||
| 650 | _2Anatomy | ||
| 700 | _aPick, T. Pickering | ||
| 700 | _aHowden, Robert | ||
| 942 |
_2lcc _cBK _hQM23 .G73 19974 C.1 |
||
| 999 |
_c16062 _d16062 |
||